Top 10 des meilleurs joueurs en Premier League sur la saison 2024/25 - Statistiques

Statistiques générales
  • Ce quiz a été pris 66 fois
  • Le résultat moyen est 21 sur 40
Statistiques - réponses
Poste Classement Club Réponse % Correct
Gardien 8 Ipswich Town Alex Palmer
75%
Milieu (offensif) 1 Chelsea Cole Palmer
75%
Gardien 2 Everton Jordan Pickford
75%
Attaquant (Ailier Droit) 1 Liverpool Mohamed Salah
75%
Attaquant (Ailier Gauche) 8 Tottenham Heung-MinSon
72%
Gardien 7 Tottenham Guglielmo Vicario
70%
Attaquant (Buteur) 9 Newcastle Alexander Isak
68%
Milieu (offensif) 2 Manchester United Bruno Fernandes
68%
Attaquant (Ailier Droit) 3 Arsenal Bukayo Saka
67%
Milieu (central) 5 Arsenal Declan Rice
67%
Défenseur (central) 3 Liverpool Virgil van Dijk
67%
Milieu (central) 6 Chelsea Enzo Fernandez
65%
Milieu (offensif) 3 Manchester City Kevin De Bruyne
65%
Milieu (offensif) 9 Arsenal Martin Odegaard
65%
Défenseur (central) 7 Arsenal Gabriel Magalhaes
63%
Défenseur (droit) 4 Liverpool Trent Alexander-Arnold
63%
Attaquant (Ailier Gauche) 10 Manchester City Jérémy Doku
60%
Défenseur (central) 1 Manchester City Josko Gvardiol
60%
Attaquant (Ailier Droit) 6 Manchester City Savinho
58%
Attaquant (Buteur) 4 Brentford Bryan Mbeumo
56%
Attaquant (Buteur) 7 Manchester City Omar Marmoush
54%
Attaquant (Buteur) 2 Wolverhampton Matheus Cunha
53%
Gardien 4 Nottingham Forrest Matz Sels
53%
Milieu (central) 4 Aston Villa Youri Tielemans
53%
Attaquant (Ailier Droit) 5 Manchester United Amad Diallo
49%
Milieu (central) 10 Liverpool Alexis Mac Allister
46%
Défenseur (droit) 8 Tottenham Pedro Porro
46%
Défenseur (central) 5 Bournemouth Dean Huijsen
44%
Gardien 5 Southampton Aaron Ramsdale
42%
Milieu (offensif) 8 Tottenham James Maddison
40%
Gardien 3 Bournemouth Kepa Arrizabalaga
40%
Milieu (central) 7 Manchester City Mateo Kovacic
37%
Défenseur (central) 10 Nottingham Forrest Murillo
35%
Gardien 1 Brentford Mark Flekken
33%
Gardien 6 Newcastle Martin Dubravka
32%
Défenseur (gauche) 6 Newcastle Lewis Hall
30%
Défenseur (central) 2 Everton James Tarkowski
28%
Gardien 10 Tottenham Fraser Forster
23%
Défenseur (central) 9 Brentford Nathan Collins
12%
Gardien 9 Ipswich Town Arijanet Muric
11%
Aucun quiz correspondant
Distribution des résultats
% des personnes avec chaque résultat
Percentile par nombre de réponses
Votre historique - résultats
Vous n’avez pas pris ce quiz